Front-loading financial support to Ukraine: It’s now or never (Record no. 9120)

MARC details
000 -LEADER
fixed length control field 02282nam a22004217u 4500
001 - CONTROL NUMBER
control field pwiiw7074
003 - CONTROL NUMBER IDENTIFIER
control field OSt
005 - DATE AND TIME OF LATEST TRANSACTION
control field 20260516120037.0
008 - FIXED-LENGTH DATA ELEMENTS--GENERAL INFORMATION
fixed length control field 241118t2024 au ||||| |||| 00| ||eng d
040 ## - CATALOGING SOURCE
Transcribing agency OSt
041 ## - LANGUAGE CODE
Language code of text/sound track or separate title eng
084 ## - OTHER CLASSIFICATION NUMBER
Classification number E62
-- F35
-- F51
-- H81
-- H84
-- K33
Number source jelc
100 1# - MAIN ENTRY--PERSONAL NAME
Personal name Pindyuk, Olga
245 10 - TITLE STATEMENT
Title Front-loading financial support to Ukraine: It’s now or never
260 ## - PUBLICATION, DISTRIBUTION, ETC.
Place of publication, distribution, etc. Wien :
Name of publisher, distributor, etc. Wiener Institut für Internationale Wirtschaftsvergleiche (wiiw),
Date of publication, distribution, etc. 2024.
300 ## - PHYSICAL DESCRIPTION
Extent 27 S.,
Other physical details 10 Figures,
Dimensions 30cm.
490 1# - SERIES STATEMENT
Series statement wiiw Policy Notes and Reports
Volume/sequential designation 85
520 ## - SUMMARY, ETC.
Summary, etc. Without sufficient military and financial support, Ukraine will not be able to withstand Russia’s military aggression and prevent even more damage to its economy and social fabric. In addition to having a much smaller economy compared to Russia, Ukraine also has a much smaller population – which means it will eventually lose a long war of attrition. If sufficient aid is not provided, Ukraine’s defeat would likely result in far higher social, political and economic costs to Europe in the form of additional refugee flows and greater security risks, including spill-over effects on other neighbouring regions. The EU needs to expand its role as a donor of financial aid. Increasing and front-loading macro-financial and reconstruction assistance – primarily via grants – would enable Ukraine to have an accelerating economic growth trajectory as well as benefit Europe by improving its security situation and boosting its prosperity. Additionally, the assets of the Russian Central Bank that have been frozen by Ukraine’s Western allies, which amount to approximately USD 300bn, should finally be made available to Ukraine.<br/>
650 ## - SUBJECT ADDED ENTRY--TOPICAL TERM
Topical term or geographic name entry element Ukraine
650 ## - SUBJECT ADDED ENTRY--TOPICAL TERM
Topical term or geographic name entry element Russia
650 ## - SUBJECT ADDED ENTRY--TOPICAL TERM
Topical term or geographic name entry element EU
650 ## - SUBJECT ADDED ENTRY--TOPICAL TERM
Topical term or geographic name entry element US
650 ## - SUBJECT ADDED ENTRY--TOPICAL TERM
Topical term or geographic name entry element war
650 ## - SUBJECT ADDED ENTRY--TOPICAL TERM
Topical term or geographic name entry element security
650 ## - SUBJECT ADDED ENTRY--TOPICAL TERM
Topical term or geographic name entry element fiscal revenues
650 ## - SUBJECT ADDED ENTRY--TOPICAL TERM
Topical term or geographic name entry element external financial aid
650 ## - SUBJECT ADDED ENTRY--TOPICAL TERM
Topical term or geographic name entry element public debt
650 ## - SUBJECT ADDED ENTRY--TOPICAL TERM
Topical term or geographic name entry element sanctions
650 ## - SUBJECT ADDED ENTRY--TOPICAL TERM
Topical term or geographic name entry element frozen assets
651 ## - SUBJECT ADDED ENTRY--GEOGRAPHIC NAME
Geographic name European Union
651 ## - SUBJECT ADDED ENTRY--GEOGRAPHIC NAME
Geographic name Russia
651 ## - SUBJECT ADDED ENTRY--GEOGRAPHIC NAME
Geographic name Ukraine
651 ## - SUBJECT ADDED ENTRY--GEOGRAPHIC NAME
Geographic name USA
690 ## - LOCAL SUBJECT ADDED ENTRY--TOPICAL TERM (OCLC, RLIN)
Topical term or geographic name as entry element Macroeconomic Analysis and Policy
830 #0 - SERIES ADDED ENTRY--UNIFORM TITLE
Volume/sequential designation 85
Bibliographic record control number WIIW0000092
Title of a work wiiw Policy Notes and Reports
856 40 - ELECTRONIC LOCATION AND ACCESS
Uniform Resource Identifier <a href="https://wiiw.ac.at/p-7074.html">https://wiiw.ac.at/p-7074.html</a>
942 ## - ADDED ENTRY ELEMENTS (KOHA)
Koha item type Paper
Holdings
Withdrawn status Lost status Damaged status Not for loan Home library Current library Shelving location Date acquired Inventory number Total Checkouts Full call number Barcode Date last seen Price effective from Koha item type
        WIIW WIIW Library 11/18/2024 pwiiw7074   85 1000010007074 11/18/2024 04/07/2025 Paper
The Vienna Instiute for International Economic Studies (wiiw)